000 01360nam a2200265Ia 4500
003 OSt
005 20200724143841.0
008 191128s2008 ck adb fr 000 0 spa d
020 _a9789588049342
040 _aCO-JMCR
_cCO-JMCR
041 0 _aspa
082 0 4 _a338.9861 /
_bS572d
_223
100 1 _aSierra de Arango, Luz Stella,
_ecompiladora
_97790
245 1 0 _aDesarrollo económico local :
_buna apuesta por el futuro /
_cLuz Stella Sierra de Arango, compiladora
250 _aPrimera edición
260 _aBogotá :
_bFundación Social,
_c2008
300 _a567 páginas :
_bilustraciones, gráficos y mapas a color ;
_c24 cm.
504 _aBibliografía: páginas 558-567
505 0 _aDiscursos de apertura al seminario internacional sobre desarrollo económico local -- El desarrollo en un mundo globalizado -- Experiencia de desarrollo económico local -- Estrategias para el desarrollo económico local, la generación de riqueza
520 3 _aDurante los últimos quince años, dentro de los estudiosos y ejecutores del desarrollo, lo local ha surgido como corriente de especial importancia. Es una paradoja: el mundo es cada vez mas globalizado.
650 1 4 _aDesarrollo económico local
_xcongresos
_97791
650 1 4 _aDesarrollo de la comunidad
_xcongresos
_97792
650 1 4 _aDesarrollo regional
_xcongresos
_97793
942 _2ddc
_cBK
999 _c4096
_d4096